Statistics for Countries have population from 5 to 10 million

Click here to take the quiz!

General Stats

  • This quiz has been taken 52 times
    (35 since last reset)
  • The average score is 21 of 30

Answer Stats

HintAnswer% Correct
9,849,000Hungary
100%
5,668,743Denmark
91%
9,775,572Sweden
91%
8,579,747Austria
87%
5,478,002Finland
87%
8,345,700Israel
87%
8,236,600Switzerland
87%
9,481,000Belarus
83%
7,202,198Bulgaria
83%
7,146,759Serbia
83%
8,354,000Tajikistan
83%
5,176,998Norway
78%
5,421,349Slovakia
78%
9,823,827Burundi
74%
8,725,111Honduras
74%
9,611,700Azerbaijan
70%
6,802,000Laos
70%
7,171,000Togo
70%
7,003,406Paraguay
65%
6,739,950Jordan
61%
5,915,300Kyrgyzstan
61%
6,134,270Nicaragua
61%
6,401,240El Salvador
57%
9,577,000United Arab Emirates
57%
6,319,000Sierra Leone
52%
7,398,500Papua New Guinea
48%
5,469,700Singapore
48%
6,317,000Libya
43%
6,738,000Eritrea
39%
7,264,100Hong Kong
30%

Score Distribution

Percentile by Number Answered

Percent of People with Each Score

Your Score History

You have not taken this quiz since the last reset